000 00802nam a2200265#a 4500
001 01292
003 HDC
007 ta
008 230623s2009 xx 000 0 eng d
020 _a1438731043 (pbk)
040 _aHDC
050 _aRA541
_b.M3 M35 2009
245 0 _aMalaysia :
_bmedical and pharmaceutical industry handbook.
250 _a2nd ed.
264 _aUnited State :
_bInternational business Publications,
_c2009.
300 _a268p. ;
_c 29cm
650 _aMedical care
_zMalaysia
_vPeriodicals.
650 _aMedical care
_zMalaysia
_xForecasting
_vPeriodicals.
650 _aPharmaceutical industry
_zMalaysia
_vPeriodicals.
650 _aPharmaceutical industry
_zMalaysia
_xForecasting
_vPeriodicals.
942 _2lcc
942 _cBK
942 _kRA541
942 _m.M3 M35 2009
999 _c22858
_d22858